000 00703nam a2200289Ia 4500
005 20260324130614.0
008 008 260324s9999 xx 000 0 eng d
020 _a9780429240713
037 _aEBOOK
040 _aCRL
040 _beng
040 _cCRL
041 _2eng
041 _aeng
084 _qCRL
100 _aPatrick Bernhagen
_91182409
245 4 _aThe Political Power of Business
245 0 _bStructure and Information in Public Policy-Making
260 _bTaylor and Francis
260 _c2007
365 _a
365 _b240
856 _uhttp://www.taylorfrancis.com/books/9780429240713
942 _cEBOOK
999 _c1778724
_d1778724